=LDR 00000nam 2200000 4500 =001 INLIS000000000029091 =005 20200722120715 =035 ##$$a 0010-061300000029091 =008 200722################g##########0#ind## =041 ##$$a Ind =082 ##$$a 2x6.1 =090 ##$$a 2x6.1, Abd e =100 1#$$a Abdurrahman, Wafa =245 1#$$a Enam puluh dua nasihat membina keluarga, /$c Wafa Abdurrahman Wafa, penerjemah, Ahmad Najihan Maududi =260 ##$$a Jakarta :$b Daru Haq,$c 2007 =300 ##$$a xv, 119 hlm, ; $c 14x20 cm =650 #4$$a Rumah tangga Muslim =700 #$$a Mandudi, Ahmad Najihan =850 ##$$a NBPNMAT =020 ##$$a 978-979-1254-10-6 =084 ##$$a 2x6.1 ABD e =250 ##$$a cet.1 =990 ##$$a 93130/BPAP-NTB/2014 =990 ##$$a 20800010 =990 ##$$a 20800011 =990 ##$$a 20800009 =990 ##$$a 93130/BPAP-NTB/2014 =990 ##$$a 20800010 =990 ##$$a 20800011